000 01308nam a22003137a 4500
003 OSt
005 20230608134801.0
008 221006b |||||||| |||| 00| 0 eng d
040 _cBiblioteca Lado V
082 _a709.05
_bG851a
100 _9855
_aGriffin, Tim
_eeditor
245 _aArtforum/
_bInternacional/
260 _aNew York
_c2003
_bNew York editorial and business offices
300 _c26.5x27cm
_a220p.
366 _espa
490 _aSUMMER
_v2003
_x0864-1315
505 _tLetters
505 _tCOLUMNS
_aPassages: Colin de land Books Entries News Hotlist Film Top Ten
505 _tFeatures
_aLocus Focus: "Hyperrealisms" A Thousand Words: Jennifer Pastor Purple Majesty The Fox: One year Under the mast Portfolio Camera Libido Openings
505 _tReviews
650 _2Tesauro de Arte & Arquitectura
_aARTE COMTEMPORANEO
_9703
650 _2Tesauro de Arte & Arquitectura
_aFOTOGRAFIA
_9702
650 _2Tesauro de Arte & Arquitectura
_aARTE VISUAL
_9702
650 _2Tesauro de Arte & Arquitectura
_aLIBROS
650 _2Tesauro de Arte & Arquitectura
_aNOTICIAS
650 _2 Tesauro de Arte & Arquitectura
_aARTE INTERNACIONAL
700 _aNavarreta, Jose Antonio
_eeditor
942 _2ddc
_c1
_h709.05
_iG851a
_n0
999 _c3833
_d3833